书目信息 |
| 题名: |
数学学习指导书
|
|
| 作者: | 夏国斌 主编 | |
| 分册: | 上册 | |
| 出版信息: | 合肥 安徽大学出版社 2004.08 |
|
| 页数: | 194页 | |
| 开本: | 26cm | |
| 丛书名: | ||
| 单 册: | ||
| 中图分类: | O13 , O13-42 | |
| 科图分类: | ||
| 主题词: | 高等数学--gao deng shu xue--高等学校:技术学校--教学参考资料 | |
| 电子资源: | ||
| ISBN: | 7-81052-874-2 | |
| 000 | 00874nam0 2200241 450 | |
| 001 | 012006641766 | |
| 005 | 20060523093259.39 | |
| 010 | @a7-81052-874-2@dCNY34.00 (全2册) | |
| 100 | @a20060501d2004 km y0chiy0120 ea | |
| 101 | 0 | @achi |
| 102 | @aCN@b340000 | |
| 105 | @ay z 000yy | |
| 200 | 1 | @a数学学习指导书@Ashu xue xue xi zhi dao shu@h上册@f夏国斌主编@Fxia guo bin zhu bian |
| 210 | @a合肥@c安徽大学出版社@d2004.08 | |
| 215 | @a194页@d26cm | |
| 300 | @a安徽省五年制高等职业教育教材 | |
| 330 | @a本书配合教材,加深学生对概念的理解和基本知识的掌握,内容上按知识要点、学习提示、典型例题、学习指导、参考答案与提示,单元六百测单元组织编写。 | |
| 606 | 0 | @a高等数学@Agao deng shu xue@x高等学校:技术学校@j教学参考资料 |
| 690 | @aO13@v4 | |
| 690 | @aO13-42@v3 | |
| 701 | 0 | @a夏国斌@Axia guo bin@4主编 |
| 801 | 0 | @aCN@bQSSK@c20060523 |
| 905 | @a10447@dO13-42@eX182:1 | |
| 数学学习指导书.上册/夏国斌主编.-合肥:安徽大学出版社,2004.08 |
| 194页;26cm |
| 安徽省五年制高等职业教育教材 |
| ISBN 7-81052-874-2:CNY34.00 (全2册) |
| 本书配合教材,加深学生对概念的理解和基本知识的掌握,内容上按知识要点、学习提示、典型例题、学习指导、参考答案与提示,单元六百测单元组织编写。 |
| ● |
| 相关链接 |
|
|
|
正题名:数学学习指导书
索取号:O13-42/X182:1
 
预约/预借
| 序号 | 登录号 | 条形码 | 馆藏地/架位号 | 状态 | 备注 |
| 1 | 559700 | 205597004 | 自科库401/401自科库 108排4列5层/ [索取号:O13-42/X182:1] | 在馆 | |
| 2 | 559701 | 205597013 | 自科库401/401自科库 108排4列5层/ [索取号:O13-42/X182:1] | 在馆 | |
| 3 | 559702 | 205597022 | 自科库401/401自科库 108排4列5层/ [索取号:O13-42/X182:1] | 在馆 |